000 00545nam a22001817a 4500
005 20180508152124.0
010 _aENG-123002
020 _a9788121406625
_c525.00
035 _aEN-106534
037 _aDBAD/PUB.
082 _a181.4
100 _aChandra, Sharad
245 _aAlbert Camus :
_cby Sharad Chandra
_bSense of the sacred /
260 _aNew Delhi
_bNational Publishing House
_c2016
270 _a4230/1, Ansari Road, Darya Ganj
_bNew Delhi
_e110002
300 _a158p.
_b22cm(hb)
942 _2ddc
_cEN
_h181.4
_mCHA
999 _c151934
_d151934